[Event "AUTO-OPEN-2997"]
[Site "http://www.queenalice.com/game.php?id=1260163"]
[Date "2014.2.26"]
[Round "2"]
[White "dutra2302"]
[Black "Scharlatan"]
[Result "1-0"]
[WhiteElo "2293"]
[BlackElo "1980"]

1. Nf3 b6 2. g3 Bb7 3. Bg2 f5 4. d3 Nf6 5. O-O g6 6. e4 fxe4 7. dxe4 Bxe4 8.
Nbd2 Bb7 9. c3 Bg7 10. Re1 O-O 11. a4 a5 12. Nc4 Nc6 13. Nce5 Nxe5 14. Nxe5 Bxg2
15. Kxg2 d6 16. Nc6 Qd7 17. Nxe7+ Kh8 18. Bg5 Rae8 19. Qe2 Rf7 20. Bxf6 Bxf6 21.
Nxg6+ hxg6 22. Qxe8+ Qxe8 23. Rxe8+ Kg7 24. f4 1-0

[Event "AUTO-OPEN-2997"]
[Site "http://www.queenalice.com/game.php?id=1260164"]
[Date "2014.2.26"]
[Round "2"]
[White "Scharlatan"]
[Black "dutra2302"]
[Result "0-1"]
[WhiteElo "1977"]
[BlackElo "2296"]

1. e4 c5 2. Nf3 Nc6 3. d4 cxd4 4. Nxd4 Nf6 5. Nc3 e6 6. Ndb5 d6 7. Bf4 e5 8. Bg5
Be7 9. Bxf6 gxf6 10. Nd5 O-O 11. Nbc7 Rb8 12. Bd3 Be6 13. Qh5 Kh8 14. f4 Rc8 15.
O-O Rxc7 16. Nxc7 Qxc7 17. f5 Bd7 18. Rf3 Qb6+ 19. Kh1 Rg8 20. Raf1 Qxb2 21. Rh3
Rg7 22. Rff3 d5 23. Bf1 dxe4 24. Rfg3 Qa1 0-1

[Event "AUTO-MASTER-2146"]
[Site "http://www.queenalice.com/game.php?id=1304664"]
[Date "2014.8.28"]
[Round "1"]
[White "rich"]
[Black "dutra2302"]
[Result "0-1"]
[WhiteElo "1973"]
[BlackElo "2218"]

1. d4 Nf6 2. c4 e6 3. Nc3 d5 4. Nf3 Be7 5. Bf4 O-O 6. e3 Nc6 7. Rc1 Nh5 8. Bg3
Nxg3 9. hxg3 h6 10. c5 b6 11. cxb6 axb6 12. Bb5 Bd7 13. a3 Be8 14. O-O Na5 15.
Bxe8 Rxe8 16. Ne5 c5 17. Qf3 Bf6 18. b4 Nb3 19. Rc2 cxd4 20. Nc6 Qd7 21. Nxd4
Bxd4 0-1

[Event "AUTO-MASTER-2146"]
[Site "http://www.queenalice.com/game.php?id=1304665"]
[Date "2014.8.28"]
[Round "1"]
[White "dutra2302"]
[Black "rich"]
[Result "1-0"]
[WhiteElo "2205"]
[BlackElo "1976"]

1. Nf3 d5 2. c4 d4 3. d3 c5 4. h3 Nc6 5. Bf4 Nf6 6. Nbd2 Bf5 7. g4 Bg6 8. Qb3
Qb6 9. Qxb6 axb6 10. Ne5 Rc8 11. Bg2 e6 12. a4 Be7 13. Nxc6 bxc6 14. a5 Nd7 15.
a6 O-O 16. a7 e5 17. Bh2 e4 18. Nxe4 b5 19. cxb5 cxb5 20. Nd6 Ra8 21. Nxb5 1-0

[Event "AUTO-MASTER-2146"]
[Site "http://www.queenalice.com/game.php?id=1304680"]
[Date "2014.8.28"]
[Round "1"]
[White "dutra2302"]
[Black "jartuga99"]
[Result "0-1"]
[WhiteElo "2217"]
[BlackElo "1923"]

1. Nf3 Nf6 2. c4 g6 3. d4 Bg7 4. Nc3 c6 5. e4 O-O 6. Qc2 d6 7. Be2 Re8 8. O-O
Nbd7 9. h3 e5 10. dxe5 Nxe5 11. Nxe5 dxe5 12. Bg5 Qc7 13. Rad1 Be6 14. Rd2 Rad8
15. Rfd1 h6 16. Be3 b6 17. Rxd8 Rxd8 18. Rxd8+ Qxd8 19. f4 Qc7 20. f5 Bc8 21. g4
g5 22. Kg2 Bb7 23. c5 b5 24. b4 a5 25. a3 a4 26. Qd2 Nh7 27. Bf2 f6 28. Kf3 Nf8
29. Nxb5 cxb5 30. Bxb5 Bxe4+ 31. Kxe4 Qb7+ 32. Qd5+ Qxd5+ 33. Kxd5 Kf7 34. Kd6
h5 0-1

[Event "AUTO-MASTER-2146"]
[Site "http://www.queenalice.com/game.php?id=1304681"]
[Date "2014.8.28"]
[Round "1"]
[White "jartuga99"]
[Black "dutra2302"]
[Result "0-1"]
[WhiteElo "1903"]
[BlackElo "2243"]

1. e4 c6 2. d4 d5 3. e5 Bf5 4. Bd3 Bxd3 5. Qxd3 e6 6. h3 c5 7. c3 Ne7 8. Nf3 Ng6
9. O-O Nc6 10. a3 c4 11. Qc2 Be7 12. Re1 O-O 13. Nbd2 b5 14. b4 a5 15. Bb2 axb4
16. axb4 Rxa1 17. Rxa1 f6 18. Ra6 Nb8 19. Rxe6 Nf4 20. Qf5 Qd7 21. Qxf4 Qxe6 22.
exf6 Nd7 23. Ng5 Qxf6 0-1

[Event "AUTO-MASTER-2146"]
[Site "http://www.queenalice.com/game.php?id=1304682"]
[Date "2014.8.28"]
[Round "1"]
[White "dutra2302"]
[Black "barrai"]
[Result "1-0"]
[WhiteElo "2245"]
[BlackElo "2155"]

1. Nf3 Nf6 2. c4 g6 3. d4 Bg7 4. Nc3 c6 5. e4 d6 6. h3 O-O 7. Be2 Re8 8. O-O e6
9. e5 dxe5 10. dxe5 Nfd7 11. Bf4 Qc7 12. Qd4 c5 13. Qe3 a6 14. Rfd1 b6 15. Ne4
Nc6 16. Nd6 Rf8 17. Rd2 Ndxe5 18. Nxe5 Nd4 19. Nf3 Nxe2+ 20. Qxe2 e5 21. Nxe5
Be6 22. Qe4 Rad8 23. Nc6 Bf5 24. Ne7+ Kh8 25. Ndxf5 gxf5 26. Bxc7 Rxd2 27. Qxf5
Bd4 28. Be5+ f6 29. Bxd4 Rxd4 30. b3 Rf7 31. Qc8+ Kg7 32. Qg8+ 1-0

[Event "AUTO-MASTER-2146"]
[Site "http://www.queenalice.com/game.php?id=1304683"]
[Date "2014.8.28"]
[Round "1"]
[White "barrai"]
[Black "dutra2302"]
[Result "0-1"]
[WhiteElo "2111"]
[BlackElo "2196"]

1. e4 c6 2. f4 d5 3. e5 Nh6 4. h3 Nf5 5. g4 Ng3 6. Rh2 Nxf1 7. Kxf1 c5 8. c3 h5
9. Qe2 hxg4 10. hxg4 Rxh2 11. Qxh2 Bxg4 12. d4 cxd4 13. cxd4 Qd7 14. Nc3 Nc6 15.
Be3 Qf5 16. Nge2 Qd3 17. Qg1 Bh3+ 18. Kf2 e6 19. Rd1 Qf5 20. Ng3 Qc2+ 21. Rd2
Qg6 22. Ke1 Nb4 23. Qh2 Nd3+ 24. Kd1 Bg4+ 25. Nge2 Rc8 26. Qh4 Bb4 27. Qg5 Qxg5
28. fxg5 Bxc3 29. Rxd3 Bxb2 30. Rb3 Rc3 31. Kd2 Rxb3 32. axb3 Ba3 33. Ng3 Kd7
34. Kc3 Kc6 35. b4 Kb5 36. Kb3 Bxb4 37. Bc1 Bd1+ 38. Kb2 Kc4 39. Be3 Bc3+ 40.
Kc1 Bf3 41. Nf1 Kd3 42. Bf2 Bxd4 43. Bg3 Be3+ 44. Nxe3 Kxe3 45. Bh2 Ke4 0-1

[Event "AUTO-MASTER-2219"]
[Site "http://www.queenalice.com/game.php?id=1332058"]
[Date "2015.1.1"]
[Round "1"]
[White "rubenov"]
[Black "dutra2302"]
[Result "1-0"]
[WhiteElo "2035"]
[BlackElo "2235"]

1. d4 g6 2. e4 Bg7 3. Nf3 d6 4. Nc3 Nc6 5. h3 Nf6 6. Be3 O-O 7. Bc4 Nxe4 8. Nxe4
d5 9. Bxd5 Qxd5 10. Nc3 Qc4 11. Qe2 Qxe2+ 12. Nxe2 Nb4 13. Kd2 Bf5 14. Rhc1 1-0

[Event "AUTO-MASTER-2219"]
[Site "http://www.queenalice.com/game.php?id=1332059"]
[Date "2015.1.1"]
[Round "1"]
[White "dutra2302"]
[Black "rubenov"]
[Result "0-1"]
[WhiteElo "2254"]
[BlackElo "2009"]

1. b3 e5 2. Bb2 Nc6 3. e3 Nf6 4. Nf3 d6 5. Be2 Be7 6. d4 e4 7. Nfd2 Bf5 8. c4
O-O 9. a3 Qc8 10. Nc3 a6 11. h3 Re8 12. Qc2 Bf8 13. g4 Bg6 14. Nf1 h6 0-1

[Event "AUTO-MASTER-2219"]
[Site "http://www.queenalice.com/game.php?id=1332071"]
[Date "2015.1.1"]
[Round "1"]
[White "Bruscato"]
[Black "dutra2302"]
[Result "1-0"]
[WhiteElo "2022"]
[BlackElo "2223"]

1. e4 g6 2. d4 Bg7 3. Nf3 d6 4. Nc3 Nf6 5. Bd3 Bg4 6. h3 Bxf3 7. Qxf3 O-O 8. Be3
Nbd7 9. O-O-O c5 10. Rhe1 Ne8 11. Bc4 Nb6 12. Bf1 Nd7 13. dxc5 Bxc3 14. bxc3 Qa5
15. cxd6 Ne5 16. dxe7 Qa3+ 17. Kb1 Nxf3 18. exf8=Q+ Kxf8 19. gxf3 Qxc3 20. Bd4
Qxf3 21. Rd3 Qh5 22. Rc3 Rd8 23. Bc5+ Kg8 24. f3 1-0

[Event "AUTO-MASTER-2219"]
[Site "http://www.queenalice.com/game.php?id=1332072"]
[Date "2015.1.1"]
[Round "1"]
[White "dutra2302"]
[Black "Bruscato"]
[Result "1-0"]
[WhiteElo "2210"]
[BlackElo "2082"]

1. b3 Nf6 2. Bb2 d5 3. Nf3 Nc6 4. e3 Bf5 5. Bb5 a6 6. Bxc6+ bxc6 7. O-O e6 8.
Nd4 c5 9. Nxf5 exf5 10. Qf3 c6 11. Qxf5 Be7 12. Nc3 O-O 13. Na4 g6 14. Qe5 Kg7
15. Rae1 Bd6 16. Qc3 Re8 17. Nxc5 Qb6 18. Qxf6+ 1-0

[Event "AUTO-MASTER-2219"]
[Site "http://www.queenalice.com/game.php?id=1332079"]
[Date "2015.1.1"]
[Round "1"]
[White "dutra2302"]
[Black "SAMOEL"]
[Result "0-1"]
[WhiteElo "2180"]
[BlackElo "1811"]

1. b3 d5 2. Bb2 Nc6 3. Nf3 Bf5 4. e3 Nb4 5. Nd4 Bg6 6. a3 e5 7. axb4 exd4 8.
Bxd4 b6 9. Bb5+ Ke7 10. Nc3 Nf6 11. Bc6 Rb8 12. Rxa7 Ke6 13. Bxf6 Kxf6 14. Rxc7
Be4 15. Rd7 Qc8 16. b5 g6 17. f3 Bf5 18. Nxd5+ Kg7 19. Qa1+ Kg8 20. Nf6+ Kg7 21.
Nd5+ Kg8 22. Ne7+ Bxe7 23. Rxe7 Bxc2 24. Re8+ Qxe8 25. Bxe8 Rxe8 26. Qc3 Bf5 27.
e4 h5 28. Kf2 Be6 29. d4 h4 30. d5 Bd7 31. Rd1 h3 32. g3 Bxb5 0-1

[Event "AUTO-MASTER-2219"]
[Site "http://www.queenalice.com/game.php?id=1332080"]
[Date "2015.1.1"]
[Round "1"]
[White "SAMOEL"]
[Black "dutra2302"]
[Result "1-0"]
[WhiteElo "1841"]
[BlackElo "2157"]

1. e4 g6 2. d4 Bg7 3. Nf3 d6 4. Bc4 Nf6 5. Nc3 O-O 6. O-O Nxe4 7. Nxe4 d5 8.
Bxd5 Qxd5 9. Nc3 Qc4 10. Be3 Bg4 11. h3 Bxf3 12. Qxf3 Nc6 13. Nd5 Rad8 14. Nf4
Qxc2 15. Rab1 Bxd4 16. Qg3 Bxb2 17. Qf3 Rb8 18. Nd5 e6 19. Nf6+ Kg7 20. Nd7 Rfd8
21. Nxb8 Rxb8 22. Rfd1 h5 23. Qf4 Be5 24. Qh6+ Kg8 25. a3 Bd6 26. Rdc1 Qf5 27.
a4 Qe4 28. a5 Nd4 29. Re1 Nf5 30. Qg5 Qe5 31. g3 Qxa5 32. Bd4 1-0

[Event "OS INCLIVEIS"]
[Site "http://www.queenalice.com/game.php?id=1356992"]
[Date "2015.5.2"]
[Round "-"]
[White "adelio"]
[Black "dutra2302"]
[Result "1-0"]
[WhiteElo "1885"]
[BlackElo "2136"]

1. d4 Nf6 2. c4 e6 3. Nc3 Bb4 4. Bd2 c5 5. e3 O-O 6. Be2 d5 7. h4 cxd4 8. exd4
dxc4 9. a3 Bxc3 10. bxc3 b5 11. Bg5 h6 12. Bxf6 Qxf6 13. Nf3 Nd7 14. h5 Bb7 15.
Nh4 Qg5 16. Rh2 Nf6 17. Qd2 Qxd2+ 18. Kxd2 Ne4+ 19. Kc2 Nxf2 20. Rf1 Ne4 21. Nf3
Ng3 22. Rf2 Be4+ 23. Kb2 Nxe2 24. Rxe2 Bxf3 25. gxf3 1-0